| 000 | 01210cam a2200361 a 4500 | ||
|---|---|---|---|
| 001 | 3952 | ||
| 003 | FISKH | ||
| 005 | 20240527153041.0 | ||
| 008 | 860207s1986 nyu j 000 1 eng | ||
| 010 | _a 86002679 | ||
| 020 | _a0899194397 | ||
| 020 | _a9780547722405 | ||
| 040 |
_aDLC _beng _cDLC _dDLC |
||
| 042 | _alcac | ||
| 050 | 0 | 0 |
_aPZ7.B3262 _bOn 1986 |
| 082 | 0 | 0 |
_a[Fic] _219 |
| 100 | 1 | _aBauer, Marion Dane. | |
| 245 | 1 | 0 |
_aOn my honor / _cMarion Dane Bauer. |
| 260 |
_aNew York : _bClarion Books, _c1986. |
||
| 300 |
_a90 pages : _c20 cm |
||
| 505 | _aR | ||
| 520 | _aWhen his best friend drowns while they are both swimming in a treacherous river that they had promised never to go near, Joel is devastated and terrified at having to tell both sets of parents the terrible consequences of their disobedience. | ||
| 521 | 8 |
_a750
_bLexile |
|
| 521 | 8 |
_aR
_bRaz-Plus |
|
| 650 | 1 |
_aObedience _vFiction. |
|
| 650 | 1 |
_aAccidents _vFiction. |
|
| 650 | 1 |
_aFriendship _vFiction. |
|
| 650 | 1 |
_aConduct of life _vFiction. |
|
| 710 | 2 |
_aJuvenile Collection (Library of Congress) _5DLC |
|
| 906 |
_a7 _bcbc _corignew _d1 _eocip _f19 _gy-gencatlg |
||
| 942 |
_2ddc _cBK _n0 |
||
| 999 |
_c3952 _d3952 |
||